La radice teologiche del giusnaturalismo laico

Salvato in:
Dettagli Bibliografici
Autore principale: Todescan, Franco (Autore)
Natura: Libro
Lingua:italiano
Pubblicazione: Milán Giuffré 1987
Serie:Per la storia del pensiero giuridico moderno, 26
Soggetti:
Tags: Aggiungi Tag
Nessun Tag, puoi essere il primo ad aggiungerne!!

MARC

LEADER 00000nam a2200000 a 4500
001 UCV3424
003 CL-VaPUC
008 930721e19870000IT |||||||||||||||||ita|d
082 0 4 |a 340.1  |b TOD  |2 21 
100 0 |a Todescan, Franco  |e author  |9 297696 
245 1 3 |a La radice teologiche del giusnaturalismo laico 
300 |a v 
942 |c BK 
945 |d 19930721 00:00:00 
260 |a Milán  |b Giuffré  |c 1987 
500 |a v.2: Il problema della secolarizzazione nel pensiero giuridico di Jean Domat 
650 0 |a Filosofía del derecho   |9 255050 
583 |a last modification  |c 19930721 00:00:00  |k Rodrigo Vera 
490 0 |a Per la storia del pensiero giuridico moderno, 26 
999 |c 210652  |d 210650 
952 |0 0  |1 0  |4 0  |6 340_100000000000000_TOD_1987  |7 0  |8 DER_HIS  |9 187035  |a BIBDER  |b BIBDER  |d 2019-11-14  |h v.2  |i 2546841  |o 340.1 TOD 1987  |p 2546841  |r 2023-01-25  |w 2019-11-14  |x Ubicación 4to Piso  |y BK  |z Estos recursos deben solicitarse con anticipación  |k DER